000 00620nam a2200181Ia 4500
003 OSt
005 20230603111342.0
008 210423s2002 xx 000 0 und d
040 _cAL
041 _aeng
082 _a362.1 BHAA
_223
100 _aBHARATH (Srikala);others.
_937297
245 _aActivity manual for the teachers on health promotion using life skills approach: 9th standard
260 _bDepartment of rural development
_c2002
365 _cINR
906 _aActivity ; approach. ; approach: ; health ; life ; manual ; nineteeth ; promotion ; skills ; standard. ; teachers ; using
942 _2ddc
_cBK
999 _c173702
_d173702